000 00697nam a2200265Ia 4500
003 OSt
005 20220912151347.0
006 a|||||r|||| 00| 0
007 ta
008 220909b |||||||| |||| 00| 0 eng d
024 _a23123
037 _cTextual
040 _aCSL
_beng
_cCSL
041 _aeng
082 _aB2893N, L0
100 _aBattersby Albert
245 0 _aNetwork analysis for planning and scheduling
250 _a3
260 _aLondon
_bMacmillan Press
_c1970
300 _aix, 332p.
_ccm.
650 _aNetworks
700 _a Eiton Samuel Ed.
942 _hB2893N, L0
_cTEXL
_2CC
999 _c66973
_d66973